000 00496nam a2200193Ia 4500
005 20230511125117.0
008 131103s9999 xx 000 0 und d
020 _a246640146
040 _aLoreto College
041 _aEnglish
082 _a823.91
_bHUX
100 _aBrander,Laurence
245 _aAldous Huxley
_bA critical study
_cLaurence Brander
260 _aLondon
_bRupert Hart - Davis
_c1969
300 _a244 p.
650 _aFiction in English
850 _aLCLIB
942 _cBK
999 _c15118
_d65597